000 00717nam a2200265Ia 4500
003 OSt
005 20220918164912.0
006 a|||||r|||| 00| 0
007 ta
008 220917b |||||||| |||| 00| 0 eng d
020 _a0808917331
024 _a2,442
037 _cTextual
040 _aARTS
_cARTS
_beng
041 _2eng
_aeng
082 _aS:1-86:4, M5
100 _aKaufman David Myland
_921575
245 0 _aClinical neurology for psychiatrists
250 _a2nd
260 _aOrlando
_bGrune and Stratton
_c1985
300 _axiii,431p
_ccm.
650 _aNEUROSCIENCES; PSYCHOLOGY
_917681
942 _hS:1-86:4, M5
_cTEXL
_2CC
999 _c127303
_d127303